000 00613cam a22002293a 4500
001 9109
003 PGUSA
005 20140828083208.0
008 051001s2005||||xxu|||||s|||||000 | eng d
040 _aPGUSA
_beng
042 _adc
050 4 _aZ
100 1 _aTinsley, Jim
245 1 4 _aThe Project Gutenberg FAQ 2002
_h[electronic resource] /
_cJim Tinsley
260 _bProject Gutenberg,
_c2005
506 _aPublic domain in the USA.
516 _aElectronic text
653 _aProject Gutenberg
830 0 _aProject Gutenberg
_v9109
856 4 0 _uhttp://www.gutenberg.org/ebooks/9109
942 _cEB
999 _c238393
_d238393